[Event "51st Groningen Open A 2013"]
[Site "Groningen NED"]
[Date "2013.12.27"]
[Round "6.2"]
[White "L'Ami, Erwin"]
[Black "Cernousek, Lukas"]
[Result "1-0"]
[WhiteTitle "GM"]
[BlackTitle "IM"]
[WhiteElo "2645"]
[BlackElo "2455"]
[WhiteFideId "1007998"]
[BlackFideId "311707"]
[EventDate "2013.12.21"]

1. d4 Nf6 2. c4 g6 3. Nc3 d5 4. Nf3 Bg7 5. Bf4 O-O 6. Rc1 dxc4 7. e3 Be6 8. Ng5
Bd5 9. e4 h6 10. exd5 hxg5 11. Bxg5 b5 12. Qf3 a6 13. g3 Nbd7 14. Bg2 Nb6 15.
O-O Qd7 16. h4 Rad8 17. Bxf6 exf6 18. h5 f5 19. Qd1 Bh6 20. Rc2 Rfe8 21. hxg6
fxg6 22. Bf3 b4 23. Nb1 Qb5 24. Nd2 Bg7 25. Nxc4 Nxd5 26. Ne5 Bxe5 27. Rc5 Qb6
28. Bxd5+ Kg7 29. Rc6 Qxd4 30. Rxc7+ Kf6 31. Rf7+ Kg5 32. Qc1+ f4 33. Rd1 Rc8
34. Qb1 Qc5 35. gxf4+ Bxf4 36. Rxf4 Kxf4 37. Qxg6 Qxd5 38. Qg3+ Ke4 39. Qg2+ Kf4
40. Qxd5 1-0

[Event "51st Groningen Open A 2013"]
[Site "Groningen NED"]
[Date "2013.12.27"]
[Round "6.4"]
[White "Stukopin, Andrey"]
[Black "Kovchan, Alexander"]
[Result "1/2-1/2"]
[WhiteTitle "IM"]
[BlackTitle "GM"]
[WhiteElo "2509"]
[BlackElo "2562"]
[WhiteFideId "24107131"]
[BlackFideId "14103052"]
[EventDate "2013.12.21"]

1. e4 c5 2. Nf3 d6 3. d4 cxd4 4. Nxd4 Nf6 5. Nc3 a6 6. Be3 e5 7. Nb3 Be6 8. h3
Nc6 9. Qf3 d5 10. exd5 Bxd5 11. Nxd5 Qxd5 12. Qxd5 Nxd5 13. Bd2 Ndb4 14. Kd1
O-O-O 15. a3 Nd5 16. c3 Bd6 17. Kc2 Bb8 18. Bd3 Ba7 19. Rhf1 g6 20. Rae1 1/2-1/2

[Event "51st Groningen Open A 2013"]
[Site "Groningen NED"]
[Date "2013.12.27"]
[Round "6.7"]
[White "Spoelman, Wouter"]
[Black "Kohlweyer, Bernd"]
[Result "0-1"]
[WhiteTitle "GM"]
[BlackTitle "IM"]
[WhiteElo "2585"]
[BlackElo "2431"]
[WhiteFideId "1010891"]
[BlackFideId "4600622"]
[EventDate "2013.12.21"]

1. c4 e5 2. g3 h5 3. Bg2 h4 4. d4 Bb4+ 5. Nc3 Bxc3+ 6. bxc3 d6 7. Rb1 c6 8. Ba3
Ne7 9. e3 Rh6 10. g4 h3 11. Bxh3 Qa5 12. Rb3 exd4 13. Qxd4 c5 14. Qxg7 Rg6 15.
Qh8+ Rg8 16. Qh4 Nbc6 17. Nf3 Qa4 18. Nd2 Ne5 19. f4 Qc6 20. Rg1 Nf3+ 21. Nxf3
Qxf3 22. Bc1 Qe4 23. Bg2 Qc2 24. Bxb7 Qxc1+ 25. Kf2 Qc2+ 26. Kf3 Bxg4+ 27. Rxg4
Qd1+ 28. Kf2 Rxg4 29. Qh8+ Rg8 30. Qf6 Qd2+ 31. Kf1 Qxh2 0-1

[Event "51st Groningen Open A 2013"]
[Site "Groningen NED"]
[Date "2013.12.27"]
[Round "6.8"]
[White "Simonian, Tigran"]
[Black "Ernst, Sipke"]
[Result "0-1"]
[WhiteTitle "IM"]
[BlackTitle "GM"]
[WhiteElo "2401"]
[BlackElo "2566"]
[WhiteFideId "13303597"]
[BlackFideId "1004689"]
[EventDate "2013.12.21"]

1. d4 e6 2. Nf3 c5 3. e3 Nf6 4. Bd3 Nc6 5. O-O d5 6. c4 a6 7. a3 dxc4 8. Bxc4 b5
9. Ba2 Bb7 10. Nc3 Qc7 11. d5 exd5 12. Nxd5 Nxd5 13. Bxd5 Rd8 14. e4 Ne7 15. Re1
Nxd5 16. exd5+ Be7 17. Bg5 f6 18. Bh4 O-O 19. Qe2 Bd6 20. Rad1 Qf7 21. a4 Rfe8
22. Qd2 Rxe1+ 23. Qxe1 Bxd5 24. axb5 axb5 25. Qa5 Qc7 26. Qxb5 Bxf3 27. gxf3
Bxh2+ 28. Kg2 Bd6 29. Bg3 Bxg3 30. Rxd8+ Qxd8 31. fxg3 Qe7 32. Qc4+ Kf8 33. b3
Qd6 34. Qe4 Qe5 35. Qc4 h6 36. Kh3 Qd6 37. Kg2 f5 38. f4 Ke7 39. Qg8 Kf6 40. Kh2
Qd2+ 41. Kh3 Qd6 42. Kg2 Qe7 43. Kf2 h5 44. Qd5 Kg6 45. Qc6+ Kh7 46. Qd5 g6 47.
Kf3 Kg7 48. Qc6 Kh6 49. Qa8 Kg7 50. Qd5 Qf8 51. Qe5+ Kh6 52. Qd5 Qe7 53. Qa8 Qg7
54. Qc8 Qc3+ 55. Kg2 h4 56. gxh4 Qd2+ 57. Kf3 Qd3+ 58. Kf2 Qd4+ 59. Kg2 Qe4+ 60.
Kg1 Qe3+ 61. Kg2 Kh5 62. Qc6 Qe2+ 63. Kg1 Qg4+ 64. Kh1 Qxh4+ 65. Kg2 Qg4+ 66.
Kh1 Qh3+ 67. Kg1 Qe3+ 68. Kg2 Qe4+ 69. Qxe4 fxe4 70. Kg3 g5 71. f5 Kh6 72. Kf2
g4 0-1

[Event "51st Groningen Open A 2013"]
[Site "Groningen NED"]
[Date "2013.12.27"]
[Round "6.9"]
[White "Novikov, Stanislav"]
[Black "Wacker, Peter"]
[Result "1-0"]
[WhiteTitle "GM"]
[BlackTitle "FM"]
[WhiteElo "2556"]
[BlackElo "2293"]
[WhiteFideId "4125371"]
[BlackFideId "4615751"]
[EventDate "2013.12.21"]

1. d4 Nf6 2. Nf3 e6 3. Bg5 b6 4. e4 h6 5. Bxf6 Qxf6 6. Bd3 Bb7 7. Nbd2 Qe7 8.
Qe2 g6 9. e5 d6 10. Be4 d5 11. Bd3 Bg7 12. c3 a5 13. h4 Ba6 14. h5 g5 15. Nh2
Bxd3 16. Qxd3 c5 17. Ng4 Nd7 18. O-O c4 19. Qe3 b5 20. f4 a4 21. f5 exf5 22.
Rxf5 Ra6 23. Qf3 Qe6 24. Rf1 O-O 25. Ne3 f6 26. Nxd5 fxe5 27. Rxf8+ Nxf8 28. Nc7
Qb6 29. Nxa6 exd4 30. Qd5+ Kh7 31. Nc5 Ne6 32. Qxe6 1-0

[Event "51st Groningen Open A 2013"]
[Site "Groningen NED"]
[Date "2013.12.27"]
[Round "6.10"]
[White "Hendriks, Willy"]
[Black "Pruijssers, Roeland"]
[Result "0-1"]
[WhiteTitle "IM"]
[BlackTitle "GM"]
[WhiteElo "2396"]
[BlackElo "2539"]
[WhiteFideId "1000713"]
[BlackFideId "1013068"]
[EventDate "2013.12.21"]

1. e4 e5 2. Nf3 Nc6 3. Bc4 Nf6 4. d3 h6 5. O-O d6 6. c3 g5 7. Be3 Qe7 8. Nbd2 g4
9. Ne1 h5 10. f4 Bh6 11. Nc2 h4 12. Qe2 Bd7 13. Rae1 O-O-O 14. b4 exf4 15. Bxf4
Bxf4 16. Rxf4 Qe5 17. Ref1 Nh5 18. Rxf7 Ng3 19. Qe1 Nxf1 20. Nxf1 g3 21. hxg3
hxg3 22. d4 Qh5 23. Qxg3 Rdg8 24. Qf3 Bg4 25. Qf4 Bh3 26. Nce3 Bxg2 27. Rxc7+
Kxc7 28. Bxg8 Bxe4 29. Qxe4 Rxg8+ 30. Kf2 Qf7+ 31. Ke1 Re8 32. Qg2 Ne7 33. Kd1
Nf5 34. Nxf5 Qxf5 35. Nd2 Qd3 36. Qg7+ Kb8 37. Qd7 Rh8 38. Qxd6+ Ka8 39. Qd5
Qxc3 0-1

[Event "51st Groningen Open A 2013"]
[Site "Groningen NED"]
[Date "2013.12.27"]
[Round "6.11"]
[White "Peng, Zhaoqin"]
[Black "Burg, Twan"]
[Result "1-0"]
[WhiteTitle "GM"]
[BlackTitle "IM"]
[WhiteElo "2369"]
[BlackElo "2490"]
[WhiteFideId "1004786"]
[BlackFideId "1010697"]
[EventDate "2013.12.21"]

1. d4 Nf6 2. c4 b6 3. Nf3 Bb7 4. g3 e5 5. dxe5 Ng4 6. Bg2 Nxe5 7. Nbd2 Nxf3+ 8.
Nxf3 Bb4+ 9. Bd2 Bxd2+ 10. Qxd2 O-O 11. O-O Re8 12. Rac1 d6 13. Rfe1 Qd7 14. b4
a5 15. a3 Nc6 16. c5 bxc5 17. bxc5 d5 18. Red1 Rad8 19. e3 a4 20. Nd4 h5 21. Rb1
Ba6 22. Nxc6 Qxc6 23. Qd4 Be2 24. Rdc1 Ba6 25. Rb4 Bc4 26. h4 Bb3 27. Bf3 Qg6
28. Qf4 c6 29. Rb7 Re6 30. Be2 Re4 31. Qc7 Ree8 32. Qf4 Re4 33. Qc7 Ree8 34. Bd3
Qf6 35. Qf4 Qxf4 36. gxf4 Rb8 37. Rb6 Rbc8 38. Kg2 Rc7 39. Kg3 g6 40. Rb4 f5 41.
Kf3 Ra8 42. Ke2 Ra5 43. Kd2 Kf7 44. Rb8 Re7 45. Rc8 Re6 46. Rc7+ Kf6 47. Rb7 Re7
48. Rb6 Re6 49. Ba6 Ke7 50. Be2 Kf7 51. Bd3 Kf6 52. Rb8 Kf7 53. Rc8 Ke7 54. Rc7+
Kf6 55. Be2 Ba2 56. Rg1 Rxc5 57. Bxh5 gxh5 58. Rcg7 Re7 59. R1g6# 1-0

[Event "51st Groningen Open A 2013"]
[Site "Groningen NED"]
[Date "2013.12.27"]
[Round "6.14"]
[White "Klein, David"]
[Black "Mostertman, Milan"]
[Result "1-0"]
[WhiteTitle "IM"]
[WhiteElo "2491"]
[BlackElo "2304"]
[WhiteFideId "1003623"]
[BlackFideId "1025848"]
[EventDate "2013.12.21"]

1. e4 e5 2. Nf3 Nc6 3. Bb5 a6 4. Ba4 Nf6 5. d3 d6 6. c3 b5 7. Bc2 g6 8. a4 Rb8
9. d4 exd4 10. cxd4 Bg4 11. Be3 d5 12. e5 Bb4+ 13. Kf1 Ne4 14. h3 Be6 15. axb5
axb5 16. Nbd2 Nxd2+ 17. Bxd2 Bxd2 18. Qxd2 O-O 19. Ra6 Qd7 20. Qh6 Nb4 21. Ng5
f5 22. Rxe6 Nxc2 23. Qh4 Rbe8 24. Rxe8 Rxe8 25. Kg1 c5 26. e6 Qc7 27. dxc5 d4
28. f4 Re7 29. Kh2 Qxc5 30. Rc1 d3 31. Nxh7 d2 32. Rxc2 Qd4 33. Rc8+ Kg7 34.
Qxe7+ Kh6 35. Qh4+ Kg7 36. Rc7+ Kh8 37. Nf6# 1-0

[Event "51st Groningen Open A 2013"]
[Site "Groningen NED"]
[Date "2013.12.27"]
[Round "6.16"]
[White "De Jong, Migchiel"]
[Black "Goudriaan, Etienne"]
[Result "1/2-1/2"]
[WhiteTitle "IM"]
[BlackTitle "FM"]
[WhiteElo "2347"]
[BlackElo "2429"]
[WhiteFideId "1002848"]
[BlackFideId "1021150"]
[EventDate "2013.12.21"]

1. e4 c5 2. Nf3 d6 3. d4 cxd4 4. Nxd4 Nf6 5. Nc3 a6 6. Be3 e5 7. Nf3 Be7 8. Bc4
O-O 9. O-O Nc6 10. Bg5 Be6 11. Bb3 Nd7 12. Bxe7 Qxe7 13. Nd5 Qd8 14. Re1 Rc8 15.
Qd2 Na5 16. Rad1 Nc4 17. Bxc4 Rxc4 18. b3 Rc6 19. Nb4 Rb6 20. Nd5 Rc6 21. Nb4
Rb6 22. Nd5 Bxd5 23. Qxd5 Rc6 24. c4 a5 25. g3 g6 26. Qd2 Qf6 27. Re3 Ra8 28. h4
Nc5 29. Ng5 Qe7 30. Qd5 h6 31. Nf3 Ne6 32. h5 gxh5 33. Kg2 Qf6 34. Nh4 Nd4 35.
Rxd4 exd4 36. Rf3 Qe6 37. Qxh5 Rc5 38. Nf5 Kh7 39. Qh4 Rf8 40. Nxd4 Qg6 41. Qe7
Rcc8 42. Rf6 Rce8 43. Qxd6 Qxe4+ 44. Nf3 Kg7 45. Rxh6 Re6 46. Rxe6 fxe6 47. Qe7+
Kg8 48. Qg5+ Kf7 49. Qxa5 Ke7 50. Qb4+ Ke8 51. Qb5+ Ke7 52. Qc5+ Ke8 53. Qh5+
Kd7 54. Qb5+ Ke7 55. Qb4+ Ke8 56. Qc3 Ke7 57. a4 Rd8 58. Qg7+ Ke8 59. Qg8+ Kd7
60. Qf7+ Kc8 61. a5 Rd3 62. Qf8+ Kc7 63. Qc5+ Kd7 64. Qb5+ Kc7 65. Qc5+ Kd7 66.
Qb5+ Kc7 67. Qc5+ 1/2-1/2

[Event "51st Groningen Open A 2013"]
[Site "Groningen NED"]
[Date "2013.12.27"]
[Round "6.17"]
[White "Van Osch, Mees"]
[Black "Willemze, Thomas"]
[Result "0-1"]
[BlackTitle "IM"]
[WhiteElo "2139"]
[BlackElo "2421"]
[WhiteFideId "1035967"]
[BlackFideId "1007238"]
[EventDate "2013.12.21"]

1. e4 d5 2. exd5 Qxd5 3. Nf3 Bg4 4. Be2 Nc6 5. d4 O-O-O 6. c4 Qf5 7. Be3 Bxf3 8.
Bxf3 Nxd4 9. Bg4 Nc2+ 10. Qxc2 Qxg4 11. O-O Nh6 12. h3 Qg6 13. Qa4 a6 14. Nd2 e5
15. Rad1 Nf5 16. Nf3 Bd6 17. c5 Nxe3 18. fxe3 Bxc5 19. Nxe5 Qe6 20. Nxf7 Rxd1
21. Qxd1 Rf8 22. Qh5 Bxe3+ 23. Kh1 h6 24. Rf3 Re8 25. b3 Kb8 26. Qa5 Bd4 27. Qh5
Qe1+ 28. Kh2 Bg1+ 29. Kh1 Bf2+ 30. Kh2 Qg1# 0-1

[Event "51st Groningen Open A 2013"]
[Site "Groningen NED"]
[Date "2013.12.27"]
[Round "6.18"]
[White "L'Ami, Alina"]
[Black "Beerdsen, Thomas"]
[Result "1-0"]
[WhiteTitle "WGM"]
[WhiteElo "2390"]
[BlackElo "2154"]
[WhiteFideId "1210246"]
[BlackFideId "1030108"]
[EventDate "2013.12.21"]

1. d4 d5 2. c4 c6 3. Nf3 Nf6 4. Nc3 e6 5. Bg5 Nbd7 6. e3 Be7 7. Qc2 O-O 8. Rd1
h6 9. Bh4 dxc4 10. Bxc4 b5 11. Be2 Bb7 12. O-O Rc8 13. a3 a5 14. Ne5 Ba8 15. Nd3
b4 16. axb4 axb4 17. Na4 c5 18. dxc5 Ne4 19. Bxe7 Qxe7 20. Rc1 b3 21. Qd1 Rfd8
22. Nb6 Nxb6 23. cxb6 Nc5 24. f3 Qg5 25. Qd2 Rd5 26. h4 Qxh4 27. Qb4 Qg5 28. f4
Qf6 29. e4 Rxd3 30. Bxd3 Nxd3 31. Rxc8+ Kh7 32. b7 1-0

[Event "51st Groningen Open A 2013"]
[Site "Groningen NED"]
[Date "2013.12.27"]
[Round "6.20"]
[White "Beukema, Stefan"]
[Black "Hoeksema, Hendrik Pieter"]
[Result "1-0"]
[WhiteTitle "FM"]
[BlackTitle "IM"]
[WhiteElo "2280"]
[BlackElo "2369"]
[WhiteFideId "1024523"]
[BlackFideId "1000454"]
[EventDate "2013.12.21"]

1. e4 c5 2. Nf3 Nc6 3. d4 cxd4 4. Nxd4 Nf6 5. Nc3 d6 6. f4 g6 7. Nb3 Bg7 8. Be3
O-O 9. Be2 a6 10. Bf3 Be6 11. O-O Rc8 12. g4 b5 13. Rf2 Na5 14. f5 Bc4 15. g5
Nd7 16. f6 exf6 17. Bg4 Nb7 18. gxf6 Nxf6 19. Bxc8 Qxc8 20. Bd4 Ng4 21. Rg2 Ne5
22. Nd5 Qh3 23. Nd2 Bxd5 24. exd5 Nc5 25. Qe2 Re8 26. Kh1 Qd7 27. Re1 Qb7 28.
Bxc5 dxc5 29. d6 Re6 30. Ne4 Nd7 31. Qf3 Qd5 32. Rd2 Qf5 33. Qg2 Bh6 34. Rf2 Qd5
35. Qf3 Re5 36. Nf6+ Nxf6 37. Rxe5 Qxe5 38. Qxf6 Qd5+ 39. Qf3 1-0

[Event "51st Groningen Open A 2013"]
[Site "Groningen NED"]
[Date "2013.12.27"]
[Round "6.22"]
[White "Umudova, Nargiz"]
[Black "Zakhartsov, Viacheslav V."]
[Result "0-1"]
[WhiteTitle "WIM"]
[BlackTitle "GM"]
[WhiteElo "2255"]
[BlackElo "2555"]
[WhiteFideId "13402137"]
[BlackFideId "4115333"]
[EventDate "2013.12.21"]

1. e4 c5 2. Nf3 d6 3. d4 cxd4 4. Nxd4 Nf6 5. Nc3 a6 6. Bc4 e6 7. O-O Be7 8. a4
Qc7 9. Ba2 Nc6 10. Kh1 O-O 11. f4 Nb4 12. Bb3 b6 13. Qe2 Bb7 14. Bd2 Rfe8 15. e5
dxe5 16. fxe5 Nfd5 17. Qh5 g6 18. Qh3 Qxe5 19. Nxd5 Nxd5 20. Bc3 Qh5 21. Qg3 Bc5
22. Nf3 Nxc3 23. bxc3 Bxf3 24. Rxf3 Re7 25. Raf1 Rd8 26. Qf4 Bd6 27. g4 Qh4 28.
Qd2 Qxg4 29. Qe2 Bc5 30. Bc4 Red7 31. Bd3 Qxa4 32. Rxf7 Rxf7 33. Qxe6 Qd7 34.
Bc4 Qb7+ 0-1

[Event "51st Groningen Open A 2013"]
[Site "Groningen NED"]
[Date "2013.12.27"]
[Round "6.23"]
[White "Heemskerk, Wim"]
[Black "Svane, Rasmus"]
[Result "1/2-1/2"]
[WhiteTitle "FM"]
[BlackTitle "IM"]
[WhiteElo "2240"]
[BlackElo "2472"]
[WhiteFideId "1001000"]
[BlackFideId "4657101"]
[EventDate "2013.12.21"]

1. Nf3 Nf6 2. g3 b5 3. Bg2 Bb7 4. b3 e6 5. c4 a6 6. Nc3 b4 7. Na4 d6 8. O-O Be7
9. Nd4 Bxg2 10. Kxg2 O-O 11. d3 c5 12. Nf3 Nc6 13. Bb2 Qc7 14. Kg1 Rfd8 15. Qc2
Nd7 16. Rac1 Nce5 17. d4 Nxf3+ 18. exf3 cxd4 19. Bxd4 Nc5 20. Nb2 a5 21. Qe2 Nd7
22. Rfd1 Bf6 23. Bxf6 Nxf6 24. Rc2 Rac8 25. Rcd2 h6 26. Nd3 Rd7 27. h4 Rdd8 28.
Nf4 Rd7 29. Rd3 Rcd8 30. R1d2 Qc5 31. Qe3 Qc6 32. h5 d5 33. cxd5 Nxd5 34. Nxd5
Rxd5 35. Rxd5 exd5 36. Kg2 Qd6 37. Qd4 Qc6 38. Re2 Qc3 39. Qb6 Rc8 40. Qb5 d4
41. Re8+ Rxe8 42. Qxe8+ Kh7 43. Qxf7 d3 44. Qg6+ Kg8 45. Qe8+ 1/2-1/2

[Event "51st Groningen Open A 2013"]
[Site "Groningen NED"]
[Date "2013.12.27"]
[Round "6.25"]
[White "Arslanov, Shamil"]
[Black "Lyell, Mark"]
[Result "1-0"]
[WhiteTitle "IM"]
[BlackTitle "FM"]
[WhiteElo "2403"]
[BlackElo "2247"]
[WhiteFideId "4192826"]
[BlackFideId "402354"]
[EventDate "2013.12.21"]

1. Nf3 f5 2. d4 Nf6 3. g3 e6 4. Bg2 Be7 5. O-O O-O 6. c4 d6 7. Nc3 Ne4 8. Nxe4
fxe4 9. Nd2 d5 10. f3 Nc6 11. fxe4 Rxf1+ 12. Nxf1 dxc4 13. Be3 Bd7 14. e5 Rb8
15. Qc2 b5 16. Be4 h6 17. a3 Bg5 18. Bf2 h5 19. h4 Bh6 20. Nh2 Ne7 21. Nf3 Qe8
22. Kg2 Bc6 23. Bxc6 Qxc6 24. e4 a5 25. Be1 b4 26. axb4 axb4 27. Ra5 c3 28. Rc5
b3 29. Qd3 c2 30. Rxc6 Nxc6 31. Bd2 Nb4 32. Qc4 Bxd2 33. Nxd2 Nd3 34. Nxb3 Rxb3
35. Qxe6+ Kh7 36. Qxb3 Ne1+ 37. Kf2 c1=Q 38. Qe3 Qxe3+ 39. Kxe3 Kg6 40. Kd2 Nf3+
41. Ke3 Nh2 42. d5 Ng4+ 43. Kd4 Kf7 44. b4 Ke7 45. b5 g6 46. e6 Kd6 47. e5+ Ke7
48. Ke4 Nf2+ 49. Ke3 Nd1+ 50. Kd4 Nf2 51. d6+ cxd6 52. b6 dxe5+ 53. Kd5 Nd3 54.
Kc4 e4 55. b7 Ne5+ 56. Kd5 1-0

[Event "51st Groningen Open A 2013"]
[Site "Groningen NED"]
[Date "2013.12.27"]
[Round "6.26"]
[White "Burg, Brent"]
[Black "Pijpers, Arthur"]
[Result "1/2-1/2"]
[WhiteElo "2227"]
[BlackElo "2366"]
[WhiteFideId "1019465"]
[BlackFideId "1019554"]
[EventDate "2013.12.21"]

1. Nf3 c5 2. c4 g6 3. g3 Bg7 4. Bg2 Nc6 5. O-O Nf6 6. d4 cxd4 7. Nxd4 O-O 8. Nc3
Nxd4 9. Qxd4 d6 10. Qd2 a6 11. Rd1 Qc7 12. b3 Rb8 13. Bb2 b5 14. Nd5 Nxd5 15.
Bxg7 Kxg7 16. cxd5 Bd7 17. Rac1 1/2-1/2

[Event "51st Groningen Open A 2013"]
[Site "Groningen NED"]
[Date "2013.12.27"]
[Round "6.27"]
[White "Estremera Panos, Sergio"]
[Black "Schippers, Maurice"]
[Result "1-0"]
[WhiteTitle "IM"]
[WhiteElo "2365"]
[BlackElo "2216"]
[WhiteFideId "2200864"]
[BlackFideId "1004735"]
[EventDate "2013.12.21"]

1. Nf3 Nf6 2. c4 e6 3. Nc3 d5 4. d4 Be7 5. g3 O-O 6. Bg2 b6 7. O-O Bb7 8. Ne5 c6
9. e4 dxe4 10. Nxe4 Nxe4 11. Bxe4 Bf6 12. Bf4 Qc8 13. Qf3 Be7 14. Rad1 f5 15.
Bc2 Nd7 16. Nxd7 Qxd7 17. Rfe1 c5 18. Qe3 cxd4 19. Rxd4 Qc6 20. Qxe6+ Qxe6 21.
Rxe6 Bf6 22. Rd2 Bxb2 23. Re7 Ba6 24. Bb3 Bf6 25. c5+ Kh8 26. Re6 Bc8 27. Rxf6
gxf6 28. Bd5 Be6 29. Bxe6 bxc5 30. Rd7 Rfd8 31. Rc7 1-0

[Event "51st Groningen Open A 2013"]
[Site "Groningen NED"]
[Date "2013.12.27"]
[Round "6.28"]
[White "Von Meijenfeldt, Bart"]
[Black "Zakhartsov, Vladimir"]
[Result "1-0"]
[WhiteElo "2207"]
[BlackElo "2358"]
[WhiteFideId "1032259"]
[BlackFideId "4145097"]
[EventDate "2013.12.21"]

1. e4 c5 2. Nc3 a6 3. Nf3 d6 4. d4 cxd4 5. Nxd4 Nf6 6. Be3 e5 7. Nb3 Be6 8. f3
h5 9. a4 Nc6 10. Nd5 Bxd5 11. exd5 Ne7 12. c4 Nf5 13. Bf2 g6 14. Bd3 Bh6 15. Qe2
a5 16. Nd4 Nxd4 17. Bxd4 O-O 18. Bf2 Qc7 19. O-O Nd7 20. Kh1 Nc5 21. Bc2 Rac8
22. b3 Bg5 23. Rad1 Qd8 24. Bg1 h4 25. Bf2 Kg7 26. Be1 Bf4 27. Bf2 Rh8 28. Qe1
b6 29. Rb1 Qg5 30. Qe2 Bd2 31. Rbd1 Bc3 32. Be3 Qh5 33. Qf2 f5 34. Rc1 Bb4 35.
h3 Rb8 36. f4 Nd7 37. fxe5 dxe5 38. Bd1 Qh7 39. Bc2 Bc5 40. Bxc5 bxc5 41. Qd2
Ra8 42. Qg5 Kf7 43. Bxf5 gxf5 44. Rxf5+ Ke8 45. Re1 Ra6 46. Rfxe5+ Nxe5 47.
Rxe5+ Kd7 48. Qg4+ Kd8 49. Qg5+ Kc8 50. d6 Rc6 51. Re7 Qh5 52. d7+ Kc7 53. Qd2
Kd8 54. Rg7 Ra6 55. Qe1 Kc7 56. d8=Q+ 1-0

[Event "51st Groningen Open A 2013"]
[Site "Groningen NED"]
[Date "2013.12.27"]
[Round "6.29"]
[White "Markus, John Raymond"]
[Black "Minko, Vladimir"]
[Result "1/2-1/2"]
[BlackTitle "FM"]
[WhiteElo "2118"]
[BlackElo "2327"]
[WhiteFideId "1001213"]
[BlackFideId "24146706"]
[EventDate "2013.12.21"]

1. d4 d5 2. Nf3 Nf6 3. e3 c5 4. c3 Nc6 5. Nbd2 Bf5 6. dxc5 e5 7. b4 Qc7 8. Bb2
Be7 9. Be2 Bg4 10. h3 Bh5 11. O-O O-O 12. a3 Rfd8 13. Nh4 Bxe2 14. Qxe2 e4 15.
c4 Qd7 16. Rad1 Qe6 17. g4 d4 18. exd4 Nxd4 19. Bxd4 Rxd4 20. Nf5 Rd3 21. Nxe7+
Qxe7 22. Nxe4 Rxh3 23. Nxf6+ Qxf6 24. Kg2 Rxa3 25. Rfe1 h5 26. Qe4 Ra2 27. Re2
Rxe2 28. Qxe2 hxg4 29. Qxg4 Re8 30. Rd6 Qe5 31. Rd5 Qc3 32. b5 Re6 33. Rd8+ Kh7
34. Qh3+ Qxh3+ 35. Kxh3 Re4 36. Rd7 Rxc4 37. Rxf7 Rxc5 38. Rxb7 1/2-1/2

[Event "51st Groningen Open A 2013"]
[Site "Groningen NED"]
[Date "2013.12.27"]
[Round "6.30"]
[White "Offringa, Joost"]
[Black "Pel, Bonno"]
[Result "1/2-1/2"]
[BlackTitle "FM"]
[WhiteElo "2178"]
[BlackElo "2313"]
[WhiteFideId "1025880"]
[BlackFideId "1004760"]
[EventDate "2013.12.21"]

1. e4 d6 2. d4 g6 3. f4 Bg7 4. Nf3 Nf6 5. Nc3 O-O 6. Bd3 Na6 7. O-O c5 8. d5 Rb8
9. h3 Nc7 10. a4 b6 11. Qe1 a6 12. Qh4 b5 13. axb5 axb5 14. f5 c4 15. fxg6 fxg6
16. Be2 e5 17. Bg5 Nce8 18. Nh2 Qb6+ 19. Kh1 Rb7 20. Ng4 Bxg4 21. Bxg4 Nxg4 22.
Qxg4 Bf6 23. Qe6+ Kg7 24. Ra8 Rbf7 25. Bh6+ Kxh6 26. Rxe8 b4 27. Na4 Qb5 28.
Rxf8 Rxf8 29. Rxf6 Rxf6 30. Qxf6 Qxa4 31. Qf8+ Kg5 32. Qxd6 Kf4 33. Qe6 Qxc2 34.
d6 Qd1+ 35. Kh2 c3 36. bxc3 bxc3 37. d7 c2 38. Qf6+ Kxe4 39. Qh4+ Kf5 40. d8=Q
Qxd8 41. Qxd8 c1=Q 42. Qd7+ Ke4 43. Qxh7 Qf4+ 44. Kg1 Qc1+ 45. Kh2 Qc6 46. Qh4+
Kd3 47. Qg3+ Kd4 48. Qf2+ Kd5 49. Qf7+ 1/2-1/2

[Event "51st Groningen Open A 2013"]
[Site "Groningen NED"]
[Date "2013.12.27"]
[Round "6.31"]
[White "Afek, Yochanan"]
[Black "Lopez, Jasel"]
[Result "1-0"]
[WhiteTitle "IM"]
[BlackTitle "CM"]
[WhiteElo "2302"]
[BlackElo "2179"]
[WhiteFideId "2800462"]
[BlackFideId "15900045"]
[EventDate "2013.12.21"]

1. e4 e6 2. d4 d5 3. e5 c5 4. c3 Nc6 5. Nf3 Qb6 6. a3 c4 7. Qc2 Na5 8. Be3 Nb3
9. Ra2 Ne7 10. Nbd2 Nf5 11. Bf4 Be7 12. Be2 Bd7 13. g4 Nh4 14. Nxh4 Bxh4 15. Be3
Be7 16. O-O O-O-O 17. a4 a5 18. Rb1 Nxd2 19. Bxd2 Qb3 20. Qxb3 cxb3 21. Raa1 f6
22. f4 fxe5 23. fxe5 g5 24. Bd1 h5 25. gxh5 Rdg8 26. Bxb3 g4 27. Bf4 Rxh5 28.
Rf1 Rh3 29. Kg2 b5 30. Bd1 Rh7 31. Bc2 Rh3 32. axb5 Bxb5 33. Rf2 Bh4 34. Rxa5
Bc6 35. Rf1 Bd8 36. Ra7 Bb5 37. Rf2 Rf8 38. Bg3 Rxf2+ 39. Kxf2 Bh4 40. Kg2 Be2
41. Bxh4 1-0

[Event "51st Groningen Open A 2013"]
[Site "Groningen NED"]
[Date "2013.12.27"]
[Round "6.33"]
[White "Mager, Denis"]
[Black "Berkovich, Mark A"]
[Result "1-0"]
[BlackTitle "IM"]
[WhiteElo "2060"]
[BlackElo "2366"]
[WhiteFideId "24691127"]
[BlackFideId "2801639"]
[EventDate "2013.12.21"]

1. c4 c5 2. Nf3 Nc6 3. d4 cxd4 4. Nxd4 e6 5. Nc3 Nf6 6. Bf4 Bb4 7. Nb5 e5 8. Bg5
O-O 9. a3 Bxc3+ 10. Nxc3 h6 11. Bxf6 Qxf6 12. Ne4 Qg6 13. Qd3 d5 14. cxd5 Bf5
15. f3 Rad8 16. Rd1 Ne7 17. g4 Bxe4 18. Qxe4 Qd6 19. e3 Qc5 20. Qxe5 Nxd5 21.
Qd4 Qe7 22. e4 Nf4 23. Qf2 Rxd1+ 24. Kxd1 Rd8+ 25. Kc1 Qd7 26. Qe1 Qa4 27. h4
Qb3 28. Rh2 Qxf3 29. g5 h5 30. Rd2 Re8 31. e5 Ng6 32. Bg2 Qf4 33. Qe4 Qg3 34.
Qxb7 Nxe5 35. Qe4 Rc8+ 36. Rc2 Nd3+ 37. Kb1 Rb8 38. Re2 Nf4 39. Qe5 1-0

[Event "51st Groningen Open A 2013"]
[Site "Groningen NED"]
[Date "2013.12.27"]
[Round "6.36"]
[White "Ypma, Peter"]
[Black "Gutkind, Kedem"]
[Result "1-0"]
[WhiteElo "2179"]
[BlackElo "2066"]
[WhiteFideId "1027255"]
[BlackFideId "1046519"]
[EventDate "2013.12.21"]

1. a3 Nf6 2. Nf3 g6 3. b4 Bg7 4. Bb2 O-O 5. c4 d6 6. d4 c5 7. g3 Qb6 8. Qb3 Nc6
9. d5 Na5 10. Qc2 cxb4 11. Nbd2 Ng4 12. e3 Bf5 13. Qc1 Nxe3 14. fxe3 Qxe3+ 15.
Be2 Bd3 16. Ng1 Bxb2 17. Qxb2 Nxc4 18. Qxb4 Bxe2 19. Nxe2 Ne5 20. Qd4 Nd3+ 21.
Kf1 Qxd2 22. Nf4 Qb2 23. Qxb2 Nxb2 24. Rb1 Nc4 25. Rxb7 Rfb8 26. Rxe7 Nxa3 27.
Kg2 a5 28. Rf1 Re8 29. Rd7 Nc4 30. Kh3 Re5 31. Rc1 g5 32. Nh5 g4+ 33. Kh4 Ne3
34. Rcc7 Nf5+ 35. Kxg4 Ne3+ 36. Kh4 Ng2+ 37. Kg4 Ne3+ 38. Kh4 Nxd5 39. Ra7 Rxa7
40. Rd8+ 1-0